[Event "Budapest FS06 FM-B"]
[Site "Budapest"]
[Date "2008.06.11"]
[Round "5"]
[White "Mihajlova, Diana"]
[Black "Deak, Balazs"]
[Result "0-1"]
[WhiteElo "1623"]
[BlackElo "1879"]
[PlyCount "86"]
[EventDate "2008.06.07"]
[EventType "tourn"]
[EventRounds "10"]
[EventCountry "HUN"]
[SourceTitle "CBM 125 Extra"]
[Source "ChessBase"]
[SourceDate "2008.09.01"]
[SourceVersion "1"]
[SourceVersionDate "2008.09.01"]
[SourceQuality "1"]

1. e4 c5 2. d4 cxd4 3. c3 dxc3 4. Nxc3 Nc6 5. Bd3 d6 6. Nge2 Nf6 7. Nd5 e6 8. Nxf6+ gxf6 9. Nc3 a6 10. a4 Rg8 11. 0-0 Bd7 12. Qh5 Qa5 13. Qxh7 Rg7 14. Qh4 0-0-0 15. Qxf6 Rg6 16. Qxf7 Ne5 17. Qh7 Bg7 18. Qh3 Rh8 19. Qe3 Rxh2 20. g3 Rgh6 21. f4 Rh1+ 22. Kf2 Ng4+ 23. Kf3 Rxf1+ 24. Bxf1 Nxe3 25. Bxe3 Qh5+ 26. Kf2 Qh2+ 27. Bg2 Bxc3 28. Rh1 Qxh1 29. Bxh1 Rxh1 30. bxc3 Bxa4 31. Kg2 Re1 32. Kf2 Rxe3 33. Kxe3 Bd1 34. Kd4 Bg4 35. c4 Kd7 36. c5 dxc5+ 37. Kxc5 b5 38. Kb4 Kc6 39. Ka5 Kc5 40. e5 Bf5 41. g4 Bxg4 42. f5 Bxf5 43. Kxa6 b4 0-1

[Event "Budapest FS03 FM-A"]
[Site "Budapest"]
[Date "2008.03.12"]
[Round "12"]
[White "Darazs, Zoltan"]
[Black "Deak, Balazs"]
[Result "1-0"]
[WhiteElo "2245"]
[BlackElo "1958"]
[PlyCount "73"]
[EventDate "2008.03.01"]
[EventType "tourn"]
[EventRounds "13"]
[EventCountry "HUN"]
[SourceTitle "CBM 123 Extra"]
[Source "ChessBase"]
[SourceDate "2008.05.06"]
[SourceVersion "1"]
[SourceVersionDate "2008.05.06"]
[SourceQuality "1"]

1. d4 Nf6 2. c4 e6 3. Nf3 b6 4. g3 Ba6 5. b3 Bb4+ 6. Bd2 Be7 7. Bg2 c6 8. 0-0 d5 9. Ne5 Nfd7 10. Nxd7 Nxd7 11. Bc3 0-0 12. Nd2 Rc8 13. Re1 b5 14. c5 Bb7 15. b4 f5 16. a4 a6 17. Nb3 Bg5 18. e3 Nf6 19. f3 Ra8 20. Nc1 g6 21. Nd3 Qc7 22. Ra2 Rae8 23. Bf1 Bh6 24. Rg2 Bg7 25. Qb3 Nd7 26. e4 fxe4 27. fxe4 Nf6 28. Nf2 Rf7 29. e5 Nh5 30. Be2 Bh6 31. Qd1 Ng7 32. Bd2 Nf5 33. Ng4 Bg7 34. Bg5 h6 35. Nf6+ Bxf6 36. Bxf6 Ne3 37. Qd3 1-0

[Event "Budapest FS03 FM-A"]
[Site "Budapest"]
[Date "2008.03.11"]
[Round "11"]
[White "Deak, Balazs"]
[Black "Mayer, Istvan"]
[Result "0-1"]
[WhiteElo "1958"]
[BlackElo "2102"]
[PlyCount "80"]
[EventDate "2008.03.01"]
[EventType "tourn"]
[EventRounds "13"]
[EventCountry "HUN"]
[SourceTitle "CBM 123 Extra"]
[Source "ChessBase"]
[SourceDate "2008.05.06"]
[SourceVersion "1"]
[SourceVersionDate "2008.05.06"]
[SourceQuality "1"]

1. e4 e6 2. d4 d5 3. e5 c5 4. c3 Nc6 5. Nf3 Qb6 6. Na3 Bd7 7. Nc2 Rc8 8. Be2 f6 9. 0-0 g6 10. Rb1 Bg7 11. dxc5 Qxc5 12. Be3 Qe7 13. exf6 Nxf6 14. Ncd4 0-0 15. Nxc6 bxc6 16. Ne5 Be8 17. f3 Nh5 18. Nd3 c5 19. f4 Nf6 20. b4 d4 21. cxd4 Nd5 22. Bd2 Bxd4+ 23. Kh1 c4 24. Nc5 Bxc5 25. bxc5 c3 26. Bc1 Qxc5 27. Qc2 Ne3 28. Bxe3 Qxe3 29. Rf3 Qc5 30. Rc1 Qd4 31. Rxc3 Rxc3 32. Qxc3 Rxf4 33. Qxd4 Rxd4 34. Rd1 e5 35. Rxd4 exd4 36. Kg1 Kg7 37. Kf2 Kf6 38. Bf3 Bf7 39. a3 Ke5 40. Ke2 Bd5 0-1

[Event "Budapest FS03 FM-A"]
[Site "Budapest"]
[Date "2008.03.09"]
[Round "9"]
[White "Deak, Balazs"]
[Black "Schutz, Peter"]
[Result "0-1"]
[WhiteElo "1958"]
[BlackElo "1936"]
[PlyCount "58"]
[EventDate "2008.03.01"]
[EventType "tourn"]
[EventRounds "13"]
[EventCountry "HUN"]
[SourceTitle "CBM 123 Extra"]
[Source "ChessBase"]
[SourceDate "2008.05.06"]
[SourceVersion "1"]
[SourceVersionDate "2008.05.06"]
[SourceQuality "1"]

1. c4 e5 2. Nc3 Nc6 3. g3 f5 4. e3 Nf6 5. Bg2 Bb4 6. Nge2 d6 7. 0-0 0-0 8. d4 Bxc3 9. Nxc3 Bd7 10. d5 Ne7 11. f4 Ng6 12. b4 Qe7 13. Re1 Rae8 14. Bb2 a6 15. a4 h5 16. Bf3 h4 17. Bh5 Nxh5 18. Qxh5 Kf7 19. Ne4 fxe4 20. f5 Rh8 21. Qxg6+ Kg8 22. Rf1 hxg3 23. f6 Qf7 24. Qxf7+ Kxf7 25. fxg7+ Kxg7 26. hxg3 Bg4 27. Rf2 Bf3 28. Rxf3 exf3 29. Rf1 Ref8 0-1

[Event "Budapest FS03 FM-A"]
[Site "Budapest"]
[Date "2008.03.06"]
[Round "6"]
[White "Zoltan, Andras"]
[Black "Deak, Balazs"]
[Result "1-0"]
[WhiteElo "2034"]
[BlackElo "1958"]
[PlyCount "103"]
[EventDate "2008.03.01"]
[EventType "tourn"]
[EventRounds "13"]
[EventCountry "HUN"]
[SourceTitle "CBM 123 Extra"]
[Source "ChessBase"]
[SourceDate "2008.05.06"]
[SourceVersion "1"]
[SourceVersionDate "2008.05.06"]
[SourceQuality "1"]

1. e4 c5 2. Nf3 d6 3. Bb5+ Bd7 4. Bxd7+ Qxd7 5. 0-0 Nf6 6. e5 Ng4 7. exd6 Qxd6 8. h3 h5 9. d4 cxd4 10. Qxd4 Qxd4 11. Nxd4 Nf6 12. Nc3 a6 13. Bg5 Nbd7 14. Rad1 e6 15. a3 Be7 16. Rfe1 0-0 17. Nf3 Rac8 18. Rxd7 Nxd7 19. Bxe7 Rfe8 20. Bd6 Nb6 21. Bb4 Nc4 22. b3 Nxa3 23. Bxa3 Rxc3 24. Nd4 f6 25. Bb2 Rcc8 26. c4 Kf7 27. f4 g6 28. Kf2 Rcd8 29. Re2 Rd6 30. Bc3 Red8 31. Rd2 b5 32. cxb5 axb5 33. Ke3 e5 34. fxe5 fxe5 35. Nf3 Rxd2 36. Bxd2 Ke6 37. Bc3 Kf5 38. Bxe5 Re8 39. Kd4 Rd8+ 40. Kc5 Rd3 41. b4 Rxf3 42. gxf3 Kxe5 43. Kxb5 Kf4 44. Ka6 Kg3 45. b5 Kxh3 46. b6 h4 47. b7 Kg2 48. b8Q h3 49. Qf4 h2 50. Qg4+ Kh1 51. Qg3 g5 52. Qf2 1-0

[Event "Budapest FS03 FM-A"]
[Site "Budapest"]
[Date "2008.03.01"]
[Round "1"]
[White "Bacso, Gabor"]
[Black "Deak, Balazs"]
[Result "1-0"]
[WhiteElo "2153"]
[BlackElo "1958"]
[PlyCount "113"]
[EventDate "2008.03.01"]
[EventType "tourn"]
[EventRounds "13"]
[EventCountry "HUN"]
[SourceTitle "CBM 123 Extra"]
[Source "ChessBase"]
[SourceDate "2008.05.06"]
[SourceVersion "1"]
[SourceVersionDate "2008.05.06"]
[SourceQuality "1"]

1. d4 Nf6 2. c4 e6 3. Nc3 d5 4. e3 c6 5. Nf3 Nbd7 6. Qc2 Bd6 7. Bd3 dxc4 8. Bxc4 0-0 9. 0-0 Nb6 10. Bd3 Qc7 11. e4 e5 12. dxe5 Bxe5 13. Nxe5 Qxe5 14. Ne2 Nbd7 15. Bf4 Qc5 16. Rfc1 Qxc2 17. Rxc2 Re8 18. f3 Nf8 19. Kf2 Ng6 20. Be3 Ne5 21. Rc3 Nxd3+ 22. Rxd3 Be6 23. b3 Nd7 24. Nf4 Ne5 25. Rd6 Rad8 26. Rad1 Rxd6 27. Rxd6 Bc8 28. Bxa7 f6 29. h4 Nf7 30. Rd2 Rd8 31. Rxd8+ Nxd8 32. Bb6 Nf7 33. Ke3 Ne5 34. Bd4 Nd7 35. b4 Nb8 36. a3 b5 37. g4 Kf7 38. Nh5 Be6 39. g5 Nd7 40. f4 g6 41. Ng3 f5 42. exf5 Bxf5 43. Nxf5 gxf5 44. h5 Nf8 45. Kd3 Ne6 46. Be3 Nc7 47. Kd4 Ke6 48. Kc5 Nd5 49. Bd2 Kd7 50. Bc1 Kc7 51. Bd2 Kd7 52. Kd4 Ke6 53. Kd3 Ne7 54. Bc3 Nd5 55. Be5 Nb6 56. g6 hxg6 57. h6 1-0